| 000 | 00744nam a2200277 a 4500 | ||
|---|---|---|---|
| 003 | AR-BaBNM | ||
| 005 | 20251128203310.0 | ||
| 008 | 082120s2002 ||||||||||||||000 | spa|| | ||
| 020 | _a950-525-071-1 | ||
| 040 | _cAR-BaBNM | ||
| 100 | 1 | _aBerthoud, Susana | |
| 245 | 0 | 0 | _aFines y objetivos institucionales |
| 250 | _a1ª ed. | ||
| 260 |
_aBuenos Aires _bStella _c1988 |
||
| 300 |
_a31 p. _btablas |
||
| 490 | 0 |
_aCuadernos pedagógicos _vv. 6 |
|
| 500 | _aApéndices en p. 28-29 | ||
| 504 | _aBibliografía en p. 27 | ||
| 650 | 4 | _aFINALIDADES DE LA EDUCACION | |
| 650 | 4 | _aOBJETIVOS EDUCACIONALES | |
| 650 | 4 | _aESCUELAS MEDIAS | |
| 650 | 4 | _aROL DEL DOCENTE | |
| 653 | _aINSTITUCIONES EDUCATIVAS | ||
| 942 | _cBK | ||
| 998 | _cMarce | ||
| 999 |
_c2779 _d2779 |
||